100 Most Popular American Spotify Artists - Statistics

General Stats
  • This quiz has been taken 571 times
  • The average score is 48 of 100
Answer Stats
Listeners Song Artist % Correct
97,347 Shake It Off Taylor Swift
99%
55,777 Poker Face Lady Gaga
94%
96,575 bad guy Billie Eilish
93%
58,119 California Girls Katy Perry
89%
42,487 Billie Jean Michael Jackson
89%
78,295 7 rings Ariana Grande
87%
85,080 Lose Yourself Eminem
86%
59,046 Single Ladies (Put a Ring on It) Beyoncé
85%
36,139 TiK ToK Kesha
85%
72,738 Just the Way You Are Bruno Mars
84%
60,695 Party in the USA Miley Cyrus
82%
61,249 Moves Like Jagger Maroon 5
81%
36,521 In Da Club 50 Cent
80%
86,926 Sunflower Post Malone
80%
39,113 ...Baby One More Time Britney Spears
79%
30,671 Smells Like Teen Spirit Nirvana
79%
61,644 Radioactive Imagine Dragons
76%
34,894 Empire State Of Mind JAY-Z
76%
38,449 SexyBack Justin Timberlake
76%
65,154 Ni**as In Paris Kanye West
76%
74,715 HUMBLE. Kendrick Lamar
76%
36,801 Like a Virgin Madonna
76%
49,712 good 4 u Olivia Rodrigo
74%
41,950 I Gotta Feeling Black Eyed Peas
72%
62,338 Summertime Sadness Lana Del Rey
72%
51,594 Timber Pitbull
72%
64,167 Counting Stars OneRepublic
70%
29,946 Africa TOTO
70%
29,915 Livin' On A Prayer Bon Jovi
69%
69,681 Kill Bill SZA
67%
34,776 Thrift Shop Macklemore
66%
39,183 Californication Red Hot Chili Peppers
66%
66,914 SICKO MODE Travis Scott
66%
31,937 Piano Man Billy Joel
65%
32,996 Happy Pharrell Williams
65%
31,090 Sweet Child O' Mine Guns N' Roses
64%
32,423 WAP Cardi B
63%
36,723 Just Give Me a Reason P!nk
62%
31,672 Stressed Out Twenty One Pilots
60%
30,742 Boulevard of Broken Dreams Green Day
58%
42,896 In the End Linkin Park
57%
40,545 DJ Got Us Fallin' In Love USHER
53%
38,329 We Don't Talk Anymore Charlie Puth
51%
33,122 Low Flo Rida
49%
33,586 Good Luck, Babe! Chappell Roan
48%
54,021 Kiss Me More Doja Cat
48%
61,732 Happier Marshmello
48%
39,058 Lose You To Love Me Selena Gomez
48%
30,340 Savage Megan Thee Stallion
46%
35,454 Sweet but Psycho Ava Max
45%
66,438 DÁKITI Bad Bunny
45%
52,753 Beautiful Things Benson Boone
45%
85,205 Nonsense Sabrina Carpenter
45%
57,502 Mask Off Future
44%
51,112 Young Dumb & Broke Khalid
44%
50,008 Something Just Like This The Chainsmokers
44%
42,220 Sweater Weather The Neighbourhood
43%
39,040 Jocelyn Flores XXXTENTACION
41%
53,554 Gasolina Daddy Yankee
40%
34,564 A Milli Lil Wayne
40%
32,255 Black and Yellow Wiz Khalifa
40%
38,188 Fortunate Son Creedence Clearwater Revival
39%
33,815 EARFQUAKE Tyler, The Creator
39%
29,687 If I Ain't Got You Alicia Keys
38%
35,523 Pink + White Frank Ocean
38%
32,763 First Class Jack Harlow
38%
31,304 Swalla Jason Derulo
38%
39,110 No Role Modelz J. Cole
38%
41,466 Bad At Love Halsey
35%
35,719 A Bar Song (Tipsy) Shaboozey
34%
31,066 XO Tour Llif3 Lil Uzi Vert
33%
32,204 Stick Season Noah Kahan
33%
30,654 End of Beginning Djo
32%
37,279 Praise The Lord (Da Shine) A$AP Rocky
28%
42,679 Meant to Be Bebe Rexha
26%
37,934 Lose Control Teddy Swims
26%
48,865 Under The Influence Chris Brown
25%
44,690 Last Night Morgan Wallen
25%
30,284 Bad Habit Steve Lacy
25%
41,046 fukumean Gunna
24%
33,418 Something in the Orange Zach Bryan
24%
32,682 telepatía Kali Uchis
23%
39,215 Drip Too Hard Lil Baby
23%
56,569 Creepin' Metro Boomin
23%
39,698 Miss Independent Ne-Yo
20%
45,027 MILLION DOLLAR BABY Tommy Richman
18%
42,688 Vamp Anthem Playboi Carti
17%
30,547 Sure Thing Miguel
16%
38,296 Danza Kuduro Don Omar
11%
35,999 Or Nah Ty Dolla $ign
10%
35,824 Pepas Farruko
9%
40,656 Won't Be Late Swae Lee
8%
31,488 MAMIII Becky G
6%
34,794 China Anuel AA
5%
34,308 Heartless Diplo
5%
41,705 LALA Myke Towers
5%
42,980 Hey Mor Ozuna
5%
30,253 un x100to Grupo Frontera
4%
29,502 No Me Conoce Jhayco
3%
29,760 Un Cigarrillo Chencho Corleone
2%
No matching quizzes found
Score Distribution
Percent of People with Each Score
Percentile by Number Answered
Your Score History
You have not taken this quiz